000 04301nam a22005655i 4500
001 978-3-319-56059-5
003 DE-He213
005 20210118132228.0
007 cr nn 008mamaa
008 170607s2017 gw | s |||| 0|eng d
020 _a9783319560595
_9978-3-319-56059-5
024 7 _a10.1007/978-3-319-56059-5
_2doi
050 4 _aR857.M3
072 7 _aTGM
_2bicssc
072 7 _aTEC021000
_2bisacsh
072 7 _aTGM
_2thema
072 7 _aTCB
_2thema
082 0 4 _a620.11
_223
245 1 0 _aClinical Applications of Biomaterials
_h[electronic resource] :
_bState-of-the-Art Progress, Trends, and Novel Approaches /
_cedited by Gurbinder Kaur.
250 _a1st ed. 2017.
264 1 _aCham :
_bSpringer International Publishing :
_bImprint: Springer,
_c2017.
300 _aXXV, 467 p. 195 illus., 132 illus. in color.
_bonline resource.
336 _atext
_btxt
_2rdacontent
337 _acomputer
_bc
_2rdamedia
338 _aonline resource
_bcr
_2rdacarrier
347 _atext file
_bPDF
_2rda
505 0 _a1. How Did Bioactive Glasses Revolutionize Medical Science? A Tribute to Larry Hench -- 2. Variation in Properties of Bioactive Glasses After Surface Modification -- 3. Apatites for Orthopaedic Applications -- 4. Calcium Phosphate Cements for Medical Applications -- 5. Calcium Orthophosphate-Based Bioceramics and its Clinical Applications -- 6. Nanostructured Calcium Phosphates for Drug, Gene, DNA, and Protein Delivery and as Anticancer Chemotherapeutic Devices -- 7. Synthesis and Functionalization of Mesoporous Bioactive Glasses for Drug Delivery -- 8. Bioactive Glass/Polymer Composites for Drug Delivery -- 9. Restorative Dental Glass-ceramics: Current Status and Trends -- 10. Bioactive Glass Based Composites for Cranioplasty Implants -- 11. Antibacterial Properties of Bioactive Glasses -- 12. Development of URIST™ a Multiphasic rhBMP-2 Bone Graft Substitute -- 13. Development and in Vitro Analysis of a New Biodegradable PLA/HAp Composite for Biomedical Applications -- 14. Biomaterials for Cell Encapsulation: Progress towards Clinical Applications. .
520 _aThis book examines the most novel and state-of-the-art applications of biomaterials, with chapters that exemplify approaches with targeted drug delivery, diabetes, neurodegenerative diseases and cranioplasty implants. Expert contributors analyze biomaterials such as calcium phosphate, sol-gel and quenched glasses, metallic and polymer implants, bioactive glass, and polymer composites while also covering important areas such as the soft tissue replacement, apatites, bone regeneration and cell encapsulation. This book is appropriate for biomedical engineers, materials scientists, and clinicians who are seeking to implement the most advanced approaches and technologies with their patients. .
650 0 _aBiomaterials.
650 0 _aBiomedical engineering.
650 1 4 _aBiomaterials.
_0http://scigraph.springernature.com/things/product-market-codes/Z13000
650 2 4 _aBiomedical Engineering and Bioengineering.
_0http://scigraph.springernature.com/things/product-market-codes/T2700X
650 2 4 _aBiomedical Engineering/Biotechnology.
_0http://scigraph.springernature.com/things/product-market-codes/B24000
700 1 _aKaur, Gurbinder.
_eeditor.
_4edt
_4http://id.loc.gov/vocabulary/relators/edt
710 2 _aSpringerLink (Online service)
773 0 _tSpringer eBooks
776 0 8 _iPrinted edition:
_z9783319560588
776 0 8 _iPrinted edition:
_z9783319560601
776 0 8 _iPrinted edition:
_z9783319858173
856 4 0 _uhttps://doi.org/10.1007/978-3-319-56059-5
912 _aZDB-2-CMS
999 _c448112
_d448112
942 _cEB
506 _aAvailable to subscribing member institutions only. Доступно лише організаціям членам підписки.
506 _fOnline access from local network of NaUOA.
506 _fOnline access with authorization at https://link.springer.com/
506 _fОнлайн-доступ з локальної мережі НаУОА.
506 _fОнлайн доступ з авторизацією на https://link.springer.com/